Rol y perspectiva de la Armada de República Dominicana en la proteccion de especies marinas en vía de extinción / (Registro nro. 7811)

Detalles MARC
000 -CABECERA
campo de control de longitud fija 01540nam a22002297a 4500
003 - IDENTIFICADOR DEL NÚMERO DE CONTROL
campo de control DO-SdBJH
005 - FECHA Y HORA DE LA ÚLTIMA TRANSACCIÓN
campo de control 20240823143036.0
008 - DATOS DE LONGITUD FIJA--INFORMACIÓN GENERAL
campo de control de longitud fija 240823b |||||||| |||| 00| 0 spa d
040 ## - FUENTE DE LA CATALOGACIÓN
Centro catalogador/agencia de origen DO-SdBJH
Lengua de catalogación spa
Centro/agencia transcriptor DO-SdBJH
090 ## - LOCALMENTE ASIGNADO TIPO-LC NÚMERO DE CLASIFICACIÓN (OCLC); NÚMERO DE CLASIFICACIÓN LOCAL (RLIN)
Número de clasificación (OCLC) (R) ; Numero de clasificación, CALL (RLIN) (NR) TG ANGM
Número cutter local (OCLC) ; Número de libro/Signatura topográfica íntegra, CALL (RLIN) 02103
100 1# - ENTRADA PRINCIPAL--NOMBRE DE PERSONA
Nombre de persona Belliard Amador, Yeury
Término indicativo de función/relación sustentante
245 10 - MENCIÓN DE TÍTULO
Título Rol y perspectiva de la Armada de República Dominicana en la proteccion de especies marinas en vía de extinción /
Mención de responsabilidad, etc. Yeury Belliard Amador, asesores Gertrudis Perera Rodríguez, Elio Manuel Cruz Camacho
260 ## - PUBLICACIÓN, DISTRIBUCIÓN, ETC.
Lugar de publicación, distribución, etc. Santo Domingo Este :
Nombre del editor, distribuidor, etc. INSUDE,
Fecha de publicación, distribución, etc. 2022
300 ## - DESCRIPCIÓN FÍSICA
Extensión l, 83 páginas
502 ## - NOTA DE TESIS
Nota de tesis Trabajo de grado (Licenciado en Ciencias Navales). -- Instituto Superior para la Defensa (INSUDE). Academia Naval Marina de Guerra “Vicealmirante Cesar D’Windt Lavandier”, 2022
504 ## - NOTA DE BIBLIOGRAFÍA, ETC.
Nota de bibliografía, etc. Incluye referencias bibliográficas e índices
505 ## - NOTA DE CONTENIDO CON FORMATO
Nota de contenido con formato Preceptos constitucionales, convenios internacionales, marco legal e instituciones enfocadas en el cuidado de las especies en peligro de extinción. -- Especies marinas en peligro de extinción en la República Dominicana y amenazas directas que las afectan. --Medidas adoptadas por la Armada de República Dominicana, para detener el deterioro y degradación de las especies marinas en peligro de extinción
700 1# - PUNTO DE ACCESO ADICIONAL--NOMBRE DE PERSONA
Nombre de persona Perera Rodríguez, Gertrudis
Término indicativo de función/relación asesor
700 1# - PUNTO DE ACCESO ADICIONAL--NOMBRE DE PERSONA
Nombre de persona Cruz Camacho, Elio Manuel
Término indicativo de función/relación asesor
830 ## - PUNTO DE ACCESO ADICIONAL DE SERIE-TÍTULO UNIFORME
Título uniforme INSUDE. Academia Naval Marina de Guerra “Vicealmirante Cesar D’Windt Lavandier”. Tesis y disertaciones académicas
942 ## - ELEMENTOS DE PUNTO DE ACCESO ADICIONAL (KOHA)
Fuente del sistema de clasificación o colocación Clasificación Local
Tipo de ítem Koha Tesis
Existencias
Estado de retiro Estado de pérdida Fuente del sistema de clasificación o colocación Estado dañado No para préstamo Código de colección Localización permanente Ubicación/localización actual Fecha de adquisición Número de inventario Total de préstamos Signatura topográfica completa Código de barras Fecha visto por última vez Número de copia Precio válido a partir de Tipo de ítem Koha
    Clasificación Local     Colección General SIBM UNADE - Biblioteca Sede Central SIBM UNADE - Biblioteca Sede Central 08/23/2024 22-02103   TG ANGM 02103 22-02103 08/23/2024 e.1 08/23/2024 Tesis
© Copyright 2016. Universidad Nacional para la Defensa.Todos los derechos reservados.

 

Designed & Maintained by: https://www.sibdweb.com.do
Sistema de Información & Bibliotecas (SIBD). Contact: pbrito2005@gmail.com